00798nam a2200169 a 4500003000200000005001700002008004100019050003000060100002400090245022900114260009000343300002300433504004100456650003300497650004600530650005200576020250528150258.0021022s19uu xx 00 eng d aPHS DS 686.614b.M36 2002 aManalo, Cheilthy R. aThe Perception of college students, parents, government officials, and lawyers from the Parañaque and the Las Piñas areas on the condition of the Philippines under President Gloria Macapagal-Arroyo /cCheilthy R. Manalo. aLas Piñas City, Philippines :bSouthville International School and Colleges,c2002. a62 pages ;c28 cm. aIncludes bibliographical references. aPublic opinionzPhilippines. aCollege studentszPhilippinesxAttitudes. aGloria Macapagal-Arroyo, 1947-xPublic opinion.